| 000 | 00621cam a2200145 4500500 | ||
|---|---|---|---|
| 005 | 20260426012606.0 | ||
| 041 | _afre | ||
| 042 | _adc | ||
| 100 | 1 | 0 |
_aUzunidis, Dimitri _eauthor |
| 245 | 0 | 0 | _aErik S. Reinert (ed) : Globalization, Economic Development and Inequality. An Alternative Perspective coll. New Horizons in Institutional and Evolutionary Economics, Edward Elgar, Cheltenham, 2004,339 pages |
| 260 | _c2005. | ||
| 500 | _a4 | ||
| 786 | 0 | _nInnovations | 22 | 2 | 2005-09-01 | p. 271f-279f | 1267-4982 | |
| 856 | 4 | 1 | _uhttps://shs.cairn.info/revue-innovations-2005-2-page-271f?lang=fr&redirect-ssocas=7080 |
| 999 |
_c2224261 _d2224261 |
||